| 000 | 02463nam0a2200445 i 4500 | ||
|---|---|---|---|
| 001 | RU\NLR\BIBL_A\010301887 | ||
| 005 | 20260409065957.0 | ||
| 010 |
_a9785444602331 _91000 |
||
| 021 |
_aRU _b2014-4644 _9285 |
||
| 035 | _a(NILC)RuMoRGB-006733782 | ||
| 035 | _a(NLR Aleph) 010301887 | ||
| 090 |
_a10597665 _c10597665 |
||
| 100 | _a20140403d2013 k y0rusy50 ca | ||
| 101 | 0 | _arus | |
| 102 | _aRU | ||
| 105 | _aac z 000yy | ||
| 200 | 1 |
_aАктуальные проблемы финансов, бухгалтерского учета, анализа и аудита _eколлективная монография _f[Санталова М.С., д.э.н., проф., Федосова С.П., д.э.н., проф., Морковина С.С., д.э.н., проф. и др. _gгл. ред.: д.э.н., проф. М.С. Санталова _gРоссийский гос. торгово-экономический ун-т, Воронежский фил., Российский экономический ун-т им. Г. В. Плеханова, Воронежский фил.] |
|
| 210 |
_aВоронеж _cНаучная книга _d2013 |
||
| 215 |
_a131 с. _cил., портр. _d21 |
||
| 300 | _aАвт. указаны на 129-131-й с. | ||
| 320 | _aБиблиогр. в конце параграфов | ||
| 606 |
_aФинансы _3RU\NLR\AUTH\66113465 _91099997 |
||
| 606 |
_aБухгалтерский учет _91050112 _3RU\NLR\AUTH\6687700 |
||
| 606 |
_aАудит _91050110 _3RU\NLR\AUTH\6687699 |
||
| 610 | 0 | _aаналитическая работа в организациях | |
| 610 | 0 | _aэкономические отношения | |
| 686 | 1 | _aУ26(0) | |
| 686 | 1 | _aУ052.9(2)2 | |
| 686 | 1 | _aУ052.02-218 | |
| 701 | 1 |
_4070 _4340 _aСанталова _bМ. С. _gМарианна Сергеевна _9128783 _3RU\NLR\AUTH\770128814 |
|
| 701 | 1 |
_aФедосова _bС. П. _cд-р экон. наук _gСветлана Павловна _9142595 _3RU\NLR\AUTH\770142631 |
|
| 701 | 1 |
_aМорковина _bС. С. _gСветлана Сергеевна |
|
| 712 | 0 | 2 |
_4570 _aРоссийский государственный торгово-экономический университет _bВоронежский филиал _3RU\NLR\AUTH\8810058654 _9618535 |
| 801 | 0 |
_aRU _bРГБ _c20140206 _gRCR |
|
| 801 | 1 |
_aRU _bРГБ _c20140206 _2rusmarc |
|
| 942 | _cBOOK | ||
| 980 | _aNBR | ||